| 000 | 01393nam a2200397 i 4500 | ||
|---|---|---|---|
| 001 | bg | ||
| 003 | KOSZ 005 | ||
| 005 | 20201211124137.0 | ||
| 008 | 980702s1995 pl a f |000 0 pol | ||
| 015 | _aPB 1996/6967 | ||
| 020 | _a8302059080 | ||
| 035 | _a(OCoLC)750786850 | ||
| 040 |
_aWA N _cKOSZ 005/HR _dKOSZ 005/HR |
||
| 080 | _a69:657.47 | ||
| 080 | _a331.103 | ||
| 080 | _a331.2 | ||
| 080 | _a338.5 | ||
| 080 | _a(075.3) | ||
| 100 | 1 | _aKowalczyk, Zdzisław. | |
| 245 | 1 | 0 |
_aKosztorysowanie w budownictwie / _cZdzisław Kowalczyk, Franciszek Loska, Marian Czarkowski. |
| 260 |
_aWarszawa : _bWydawnictwa Szkolne i Pedagogiczne, _c1995. |
||
| 300 |
_a294 s., [2] k. tabl. złoż. luz. : _brys. ; _c23 cm. |
||
| 380 | _aKsiążki. | ||
| 504 | _aBibliogr. s. 233-234. | ||
| 521 | _aPodręcznik dla technikum i szkoły policealnej. | ||
| 650 | 4 |
_aBudownictwo _xpraca _xorganizacja. |
|
| 650 | 4 |
_aBudownictwo _xceny. |
|
| 650 | 4 |
_aBudownictwo _xkoszty _xrachunkowość |
|
| 650 | 4 |
_aNormowanie pracy _xbudownictwo. |
|
| 655 | 4 | _aMateriały pomocnicze dla szkół | |
| 700 | 1 | _aLoska, Franciszek. | |
| 700 | 1 | _aCzarkowski, Marian. | |
| 710 | 2 |
_aWydawnictwa Szkolne i Pedagogiczne. _4pbl. |
|
| 856 |
_uhttp://koha.tu.koszalin.pl/cgi-bin/koha/opac-detail.pl?biblionumber=6960 _yKatalog online BPK |
||
| 942 |
_2UKD _cKS |
||
| 999 |
_c6960 _d6960 |
||